[Event "Titled Tuesday intern op 01st Apr Early"]
[Site "Chess.com INT"]
[Date "2025.04.01"]
[Round "10"]
[White "Sadek, Sameh"]
[Black "Tekeyev, Zaur"]
[Result "0-1"]
[WhiteElo "2282"]
[BlackElo "2412"]
[PlyCount "90"]
[EventDate "2025.04.01"]
[EventType "swiss (blitz)"]
[EventRounds "11"]
[EventCountry "USA"]
[SourceTitle "CB15_2025"]
[SourceDate "2025.04.09"]
[SourceVersion "1"]
[SourceVersionDate "2025.04.09"]
[SourceQuality "1"]

1. d4 Nf6 2. Nf3 d5 3. e3 c5 4. c3 Nbd7 5. Nbd2 g6 6. Be2 Bg7 7. 0-0 0-0 8. b3 Qc7 9. Bb2 e5 10. dxe5 Nxe5 11. Nxe5 Qxe5 12. Nf3 Qe7 13. c4 Rd8 14. Qe1 Be6 15. cxd5 Bxd5 16. Rc1 b6 17. Nd2 Rd7 18. Bf3 Rad8 19. Bxd5 Nxd5 20. Bxg7 Kxg7 21. Nf3 Nb4 22. a3 Nd3 23. Qc3+ Qf6 24. Qxf6+ Kxf6 25. Rc4 g5 26. h4 h6 27. hxg5+ hxg5 28. Rg4 Rg8 29. Rd1 Ne5 30. Rxd7 Nxd7 31. Ra4 a5 32. b4 Ra8 33. bxa5 b5 34. Rg4 Rxa5 35. Nxg5 Rxa3 36. Ne4+ Ke7 37. Rg5 Ra1+ 38. Kh2 Rc1 39. Rd5 b4 40. Nd6 Nb6 41. Rd2 Nc4 42. Nxc4 Rxc4 43. Kg3 b3 44. Rb2 Rb4 45. Kf3 c4 0-1

[Event "Titled Tuesday intern op 14th Jan Early"]
[Site "Chess.com INT"]
[Date "2025.01.14"]
[Round "7"]
[White "Vinod, R Sharna"]
[Black "Sadek, Sameh"]
[Result "1-0"]
[WhiteElo "2105"]
[BlackElo "2282"]
[PlyCount "80"]
[EventDate "2025.01.14"]
[EventType "swiss (blitz)"]
[EventRounds "11"]
[EventCountry "USA"]
[SourceTitle "CB04_2025"]
[SourceDate "2025.01.22"]
[SourceVersion "1"]
[SourceVersionDate "2025.01.22"]
[SourceQuality "1"]

1. e4 e6 2. d4 d5 3. Nc3 Nf6 4. Bg5 dxe4 5. Nxe4 Be7 6. Bxf6 gxf6 7. Nf3 a6 8. Bd3 f5 9. Ng3 c5 10. dxc5 Qa5+ 11. c3 Qxc5 12. Qe2 Nc6 13. 0-0-0 b5 14. Kb1 Bd7 15. Rhe1 0-0-0 16. Nd4 Bf6 17. Nb3 Qb6 18. Nh5 Be7 19. f4 Rhg8 20. Ng3 Kb8 21. Qf3 Bc8 22. Ne2 Bb7 23. Qh3 Rg7 24. g3 Rdg8 25. Ned4 Nxd4 26. Nxd4 Bf6 27. Qf1 Bxd4 28. cxd4 Bd5 29. Qe2 f6 30. Bc2 Rc7 31. Bb3 Be4+ 32. Ka1 Rgc8 33. d5 exd5 34. Qd2 d4 35. a3 d3 36. g4 Qd4 37. gxf5 Rc2 38. Bxc2 Rxc2 39. Qxc2 dxc2 40. Rxd4 Bxf5 1-0

[Event "Abu Dhabi Masters Online"]
[Site "Chess.com INT"]
[Date "2024.08.21"]
[Round "4"]
[White "Sanal, Vahap"]
[Black "Sadek, Sameh"]
[Result "1-0"]
[WhiteElo "2570"]
[BlackElo "2286"]
[PlyCount "121"]
[EventDate "2024.08.21"]
[EventType "swiss (blitz)"]
[EventRounds "11"]
[EventCountry "UAE"]
[SourceTitle "CBM 221 Extra"]
[Source "ChessBase"]
[SourceDate "2024.09.30"]
[SourceVersion "1"]
[SourceVersionDate "2024.09.30"]
[SourceQuality "1"]

1. e4 c5 2. Nf3 a6 3. g3 e6 4. Bg2 Nc6 5. 0-0 Nge7 6. Nc3 Nd4 7. Nxd4 cxd4 8. Ne2 Nc6 9. c3 dxc3 10. bxc3 Be7 11. d4 d6 12. Be3 0-0 13. a4 Na5 14. Qd3 b5 15. axb5 axb5 16. Qxb5 Ba6 17. Qxa5 Bxe2 18. Qxd8 Rfxd8 19. Rfe1 Bc4 20. Bf1 Rac8 21. Ra7 Bxf1 22. Kxf1 Kf8 23. Bd2 Ke8 24. Rb1 Rd7 25. Rxd7 Kxd7 26. Ke2 d5 27. f3 Bd6 28. Kd3 Kc6 29. c4 dxc4+ 30. Kxc4 Rb8 31. Rxb8 Bxb8 32. Bf4 Ba7 33. g4 Bb6 34. h4 g6 35. Bd2 Bd8 36. h5 Bh4 37. Bb4 Bf2 38. Bc5 Kd7 39. Kd3 f5 40. Kc4 Bg3 41. Bf8 Bc7 42. Bg7 Bf4 43. exf5 exf5 44. Kd5 fxg4 45. fxg4 Bg5 46. Ke5 Ke7 47. d5 Bh4 48. d6+ Kd7 49. Bf8 Bg5 50. hxg6 hxg6 51. Be7 Bxe7 52. dxe7 Kxe7 53. g5 Kf7 54. Kd6 Kf8 55. Ke6 Ke8 56. Kf6 Kf8 57. Kxg6 Kg8 58. Kh6 Kh8 59. g6 Kg8 60. g7 Kf7 61. Kh7 1-0

[Event "FIDE World Bl Team Pool B"]
[Site "Almaty"]
[Date "2024.08.05"]
[Round "2.1"]
[White "Sadek, Sameh"]
[Black "Dubov, Daniil"]
[Result "0-1"]
[WhiteElo "2286"]
[BlackElo "2701"]
[PlyCount "60"]
[EventDate "2024.08.05"]
[EventType "team (blitz)"]
[EventRounds "7"]
[EventCountry "KAZ"]
[SourceTitle "CBM 221 Extra"]
[Source "ChessBase"]
[SourceDate "2024.09.30"]
[SourceVersion "1"]
[SourceVersionDate "2024.09.30"]
[SourceQuality "1"]
[WhiteTeam "Egypt"]
[BlackTeam "Al Ain ACMG"]
[WhiteTeamCountry "EGY"]
[BlackTeamCountry "UAE"]

1. d4 Nf6 2. Nf3 g6 3. c4 Bg7 4. Nc3 0-0 5. e4 d6 6. Be2 Re8 7. Be3 Nc6 8. d5 Nb4 9. a3 Na6 10. Nd2 e6 11. 0-0 exd5 12. cxd5 Nc5 13. Qc2 a5 14. f3 c6 15. dxc6 bxc6 16. Rad1 Nd5 17. Nxd5 cxd5 18. Bb5 d4 19. Bf2 d3 20. Bxd3 Nxd3 21. Qxd3 Ba6 22. Nc4 d5 23. exd5 Rc8 24. b3 a4 25. d6 axb3 26. d7 Bxc4 27. dxe8Q+ Qxe8 28. Qb1 Bxf1 29. Rxf1 b2 30. Re1 Qxe1+ 0-1

[Event "FIDE World Bl Team Pool B"]
[Site "Almaty"]
[Date "2024.08.05"]
[Round "5.19"]
[White "Sadek, Sameh"]
[Black "Erigaisi, Arjun Kumar"]
[Result "1/2-1/2"]
[WhiteElo "2286"]
[BlackElo "2778"]
[PlyCount "133"]
[EventDate "2024.08.05"]
[EventType "team (blitz)"]
[EventRounds "7"]
[EventCountry "KAZ"]
[SourceTitle "CBM 221 Extra"]
[Source "ChessBase"]
[SourceDate "2024.09.30"]
[SourceVersion "1"]
[SourceVersionDate "2024.09.30"]
[SourceQuality "1"]
[WhiteTeam "Egypt"]
[BlackTeam "MGD1 Team"]
[WhiteTeamCountry "EGY"]
[BlackTeamCountry "IND"]

1. d4 e6 2. Nf3 c5 3. e3 b6 4. c4 cxd4 5. exd4 Bb7 6. Nc3 Bb4 7. Bd2 Nf6 8. Bd3 0-0 9. 0-0 d5 10. cxd5 Bxc3 11. bxc3 Bxd5 12. c4 Be4 13. Be2 Nc6 14. Bc3 Rc8 15. Rc1 Bg6 16. Re1 Qd6 17. Qa4 Rfd8 18. Red1 Ne4 19. Be1 a5 20. c5 bxc5 21. dxc5 Qc7 22. Rxd8+ Qxd8 23. Bb5 Qc7 24. Bxc6 Qxc6 25. Qxc6 Rxc6 26. Ne5 Rxc5 27. Rxc5 Nxc5 28. Nxg6 hxg6 29. Bxa5 f6 30. Kf1 e5 31. Ke2 Kf7 32. Bb4 Ne6 33. g3 g5 34. h3 Nd4+ 35. Kd3 Ke6 36. a4 Kd5 37. a5 Nc6 38. Bd2 e4+ 39. Ke2 Ne5 40. a6 Kc6 41. a7 Kb7 42. Bb4 Kxa7 43. Bf8 g6 44. Be7 Nd7 45. Ke3 Kb7 46. Kxe4 Kc6 47. f4 f5+ 48. Kf3 gxf4 49. Kxf4 Kd5 50. Kg5 Ke6 51. Bd8 Kf7 52. Bc7 Nc5 53. Kh6 Ne6 54. Bb8 Kf6 55. h4 Kf7 56. Be5 Nc5 57. h5 gxh5 58. Kxh5 Ke6 59. Bf4 Nd3 60. Kg5 Nf2 61. Kg6 Ne4 62. Kh5 Nf6+ 63. Kg6 Ng4 64. Kg5 Nh2 65. Kg6 Nf3 66. Kh5 Kd5 67. g4 1/2-1/2

[Event "FIDE World Rapid Team"]
[Site "Almaty"]
[Date "2024.08.02"]
[Round "4.39"]
[White "Sharshenbekov, Emir"]
[Black "Sadek, Sameh"]
[Result "0-1"]
[WhiteElo "2078"]
[BlackElo "2286"]
[PlyCount "98"]
[EventDate "2024.08.02"]
[EventType "team (rapid)"]
[EventRounds "12"]
[EventCountry "KAZ"]
[SourceTitle "CBM 221 Extra"]
[Source "ChessBase"]
[SourceDate "2024.09.30"]
[SourceVersion "1"]
[SourceVersionDate "2024.09.30"]
[SourceQuality "1"]
[WhiteTeam "Noval Group Kyrgyzstan"]
[BlackTeam "Egypt"]
[WhiteTeamCountry "KGZ"]
[BlackTeamCountry "EGY"]

1. e4 c5 2. Nc3 e6 3. Nf3 a6 4. d4 cxd4 5. Nxd4 b5 6. g3 Bb7 7. Bg2 Nf6 8. Qd3 d6 9. 0-0 Nbd7 10. a3 Be7 11. Rd1 0-0 12. Qe2 Qc7 13. f4 Rac8 14. h3 Nc5 15. Kh2 Rfd8 16. b4 Ncd7 17. Rd3 Bf8 18. a4 bxa4 19. Rxa4 Nb6 20. Ra1 d5 21. e5 Ne4 22. Nxe4 dxe4 23. Bxe4 Bxe4 24. Qxe4 Nd5 25. Bd2 Bxb4 26. Rxa6 Bxd2 27. Rc6 Qa5 28. Nb3 Qb4 29. Rxc8 Rxc8 30. Nxd2 Qxe4 31. Nxe4 Rxc2+ 32. Rd2 Rc1 33. Rb2 h6 34. h4 Rc7 35. h5 f5 36. exf6 gxf6 37. Rb8+ Kg7 38. Re8 f5 39. Rxe6 fxe4 40. Rxe4 Nf6 41. Rd4 Rc3 42. f5 Nxh5 43. Rg4+ Kf7 44. Rg6 Nf6 45. Kh3 h5 46. Rh6 Rc2 47. Rh8 Kg7 48. Ra8 Kh6 49. Ra5 Ng4 0-1

[Event "Titled Tuesday intern op 04th Jun Early"]
[Site "Chess.com INT"]
[Date "2024.06.04"]
[Round "8"]
[White "Vlassov, Nikolai"]
[Black "Sadek, Sameh"]
[Result "1-0"]
[WhiteElo "2299"]
[BlackElo "2261"]
[PlyCount "23"]
[EventDate "2024.06.04"]
[EventType "swiss (blitz)"]
[EventRounds "11"]
[EventCountry "USA"]
[SourceTitle "EXT 2025"]
[Source "ChessBase"]
[SourceDate "2024.10.14"]
[SourceVersion "1"]
[SourceVersionDate "2024.10.14"]
[SourceQuality "1"]

1. e4 e5 2. Bc4 Nf6 3. d3 Bc5 4. Nf3 Nc6 5. Bg5 d6 6. Nc3 h6 7. Bh4 g5 8. Bg3 Na5 9. Nd2 Nxc4 10. Nxc4 a6 11. h4 Nh5 12. Qxh5 1-0

[Event "Arab CC-ch"]
[Site "Hammamet"]
[Date "2020.03.09"]
[Round "2.3"]
[White "Ameir, Moheb"]
[Black "Sadek, Sameh"]
[Result "1-0"]
[WhiteElo "2319"]
[BlackElo "2266"]
[PlyCount "57"]
[EventDate "2020.03.08"]
[EventType "team-tourn"]
[EventRounds "7"]
[EventCountry "TUN"]
[SourceTitle "CBM 195 Extra"]
[Source "ChessBase"]
[SourceDate "2020.05.31"]
[SourceVersion "1"]
[SourceVersionDate "2020.05.31"]
[SourceQuality "1"]
[WhiteTeam "Misr Insurance"]
[BlackTeam "Eastern Company"]
[WhiteTeamCountry "EGY"]
[BlackTeamCountry "EGY"]

1. e4 e5 2. Nf3 Nc6 3. d4 exd4 4. Nxd4 Nf6 5. Nc3 Bb4 6. Nxc6 bxc6 7. Bd3 0-0 8. 0-0 Re8 9. Re1 d6 10. h3 h6 11. Bd2 Nd7 12. Na4 Bxd2 13. Qxd2 Qh4 14. f4 Nf6 15. e5 dxe5 16. fxe5 Nd5 17. Nc5 Qd4+ 18. Qf2 Qxb2 19. Rab1 Qa3 20. Rb3 Qa5 21. Re4 Nb6 22. a3 Nd7 23. e6 fxe6 24. Rc4 Nb6 25. Rg4 e5 26. Bh7+ Kh8 27. Rxg7 Be6 28. Be4 Rf8 29. Rh7+ 1-0

[Event "Arab CC-ch"]
[Site "Hammamet"]
[Date "2020.03.08"]
[Round "1.3"]
[White "Sadek, Sameh"]
[Black "Sameer, Loay"]
[Result "1-0"]
[WhiteElo "2266"]
[BlackElo "2190"]
[PlyCount "61"]
[EventDate "2020.03.08"]
[EventType "team-tourn"]
[EventRounds "7"]
[EventCountry "TUN"]
[SourceTitle "CBM 195 Extra"]
[Source "ChessBase"]
[SourceDate "2020.05.31"]
[SourceVersion "1"]
[SourceVersionDate "2020.05.31"]
[SourceQuality "1"]
[WhiteTeam "Eastern Company"]
[BlackTeam "Jordan Royal Club"]
[WhiteTeamCountry "EGY"]
[BlackTeamCountry "JOR"]

1. d4 d6 2. c4 e5 3. Nf3 Nd7 4. Nc3 Ngf6 5. e4 g6 6. Be2 Bg7 7. 0-0 0-0 8. d5 Nc5 9. Qc2 a5 10. Be3 Ne8 11. Nd2 f5 12. f3 f4 13. Bf2 g5 14. a3 h5 15. b4 axb4 16. axb4 Rxa1 17. Rxa1 Na6 18. c5 Nb8 19. Ra8 Bd7 20. c6 bxc6 21. Ba7 g4 22. Rxb8 Qh4 23. Nf1 Bh6 24. dxc6 Be6 25. Nd5 Qe1 26. Bf2 Qa1 27. Rxe8 Rxe8 28. Nxc7 g3 29. Nxe8 gxf2+ 30. Kh1 Qa8 31. Nc7 1-0

[Event "Francophone-ch 6th"]
[Site "Tirana"]
[Date "2018.08.28"]
[Round "4"]
[White "Sadek, Sameh"]
[Black "Saraci, Nderim"]
[Result "1/2-1/2"]
[WhiteElo "2316"]
[BlackElo "2412"]
[PlyCount "74"]
[EventDate "2018.08.26"]
[EventType "swiss"]
[EventRounds "9"]
[EventCountry "ALB"]
[SourceTitle "CBM 186 Extra"]
[Source "ChessBase"]
[SourceDate "2018.08.24"]
[SourceVersion "1"]
[SourceVersionDate "2018.08.24"]
[SourceQuality "1"]

1. d4 Nf6 2. Nf3 g6 3. c4 Bg7 4. Nc3 0-0 5. e4 d6 6. Be2 e5 7. 0-0 Nbd7 8. d5 Nc5 9. Qc2 a5 10. Be3 Ne8 11. Ne1 f5 12. f3 fxe4 13. fxe4 Rxf1+ 14. Bxf1 Nf6 15. Be2 b6 16. Rc1 Qf8 17. Bf3 Bh6 18. Qd2 Bxe3+ 19. Qxe3 Qg7 20. Nd3 Bd7 21. Rf1 Rf8 22. Be2 Nxd3 23. Qxd3 Qh6 24. Bf3 Rf7 25. Re1 g5 26. Qe3 Qg6 27. Rf1 g4 28. Be2 Nh5 29. Rxf7 Kxf7 30. g3 Nf6 31. b3 Kg7 32. a3 Qh6 33. Qxh6+ Kxh6 34. Kf2 Kg5 35. Bd3 h5 36. Nb1 h4 37. Nd2 hxg3+ 1/2-1/2